000 00321nam a22001337a 4500
008 181107b xxu||||| |||| 00| 0 eng d
020 _a007042182
041 _aeng
080 _a101
100 _a21
101 _aFIL
245 _aQuestions That Matter An Invitation To Philosophy
_cMiller.e.d
942 _2udc
_cBK
999 _c52198
_d52198